000 01448nam a2200337 a 4500
001 000026976
003 DO-SdBNP
005 20260527074042.0
007 ta
008 110328s1978 dr r 000 | spa d
040 _aDO-SdBNP
_bspa
_cBNPHU
082 4 _a324.97293
_bC196e
_222
100 1 _aCampillo Pérez, Julio G.,
_d1922-
_96912
245 1 0 _aElecciones dominicanas :
_bcontribución a su estudio /
_cJulio G. Campillo Pérez ; introducción de Emilio Rodríguez Demorizi ; prólogo de Roman Franco Fondeur.
250 _a2a ed. aumentada y corregida
260 _aSanto Domingo :
_b[s.n.],
_c1978.
_fAmigo del Hogar
300 _a480 p. ;
_c23 cm.
490 1 _aAcademia Dominicana de la Historia
_v49
500 _aIncluye referencias bibliográficas y notas al pie de las páginas.
590 _aInventariado, 2019/BT
650 4 _aElecciones
_zRepública Dominicana
_xHistoria
_92522
650 4 _aPresidentes
_zRepública Dominicana
_xHistoria
_96913
650 4 _aElecciones
_xLegislación
_zRepública Dominicana
_9412
650 0 _aPartidos políticos
_zRepública Dominicana
_9285
650 4 _aCampaña electoral
_zRepública Dominicana
_93002
651 4 _aRepública Dominicana
_xElecciones
_xHistoria
_xEstadísticas
_96914
700 1 _aFranco Fondeur, Roman,
_epról.
_954072
700 1 _aRodríguez Demorizi, Emilio,
_d1908-1986
_eintrod.
_91039
830 0 _aAcademia Dominicana de la Historia
_n49
_954073
942 _2ddc
_cLBS1
999 _c26468
_d26468